Madang ŭl naon amt'ak. The hen who left the yard.

마당을나온암탉 The hen who left the yard.

애니메이션영화

Bibliographic Details
Corporate Author: O Sŏng-yun
Format: Video DVD
Language:Korean
Published: [Sŏul] : K'eidi Midiŏ, 2011.
Subjects:
LEADER 01225cgm a2200325 a 4500
001 00025822
003 BD-DhAAL
007 vd cvaizk
008 120829p2011 ko 121 vlkor d
024 1 |a 8809274085926 
040 |a BD-DhAAL  |c BD-DhAAL 
082 0 0 |a 791.43  |2 22 
245 0 0 |6 880-01  |a Madang ŭl naon amt'ak.  |h [videorecording] =  |b The hen who left the yard. 
246 |a A hen comes out of the yard 
260 |a [Sŏul] :  |b K'eidi Midiŏ,  |c 2011. 
300 |a 1 videodisc (DVD) (121 min) :  |b sd., col. ;  |c 4 3/4 in. 
508 |a Kamdok O Sŏng-yun ;Chejak K'eidi Midiŏ. 
520 |a 애니메이션영화 
538 |a DVD, NTSC, region 3. 
541 1 |e 00025822 
546 |a In Korean 
650 0 |a Motion picture  |x DVD special features.  |9 4844 
650 0 |a Feature films.  |9 4845 
650 0 |a Animals  |x Juvenile drama.  |9 4846 
710 2 |a O Sŏng-yun.  |9 4847 
852 4 |a Ayesha Abed Library  |j General shelf. 
880 |6 245-01 /  |a 마당을나온암탉  |h [videorecording] =  |b The hen who left the yard. 
942 |2 ddc  |c AV 
999 |c 12781  |d 12781 
952 |0 0  |1 0  |2 ddc  |4 0  |6 791_430000000000000_MAD  |7 0  |9 21049  |a BRACUL  |b BRACUL  |c AV  |d 2012-08-28  |e BIL  |g 1.00  |l 0  |o 791.43 MAD  |p 4010025822  |r 2012-09-04  |t 1  |w 2012-08-28  |y AV